000 00541nam a22002057a 4500
003 OSt
005 20140310182843.0
008 130610t xxu||||| |||| 00| 0 eng d
050 _aGV 1558
_b.C345 1997
082 _aM 793.87
_bC26 1977
245 _aJuggling :
_bfor the complete klutz /
_cCassidy, John
250 _a2nd ed.
260 _aCalifornia
_bJohn Cassidy, B.C
_c1977.
300 _a67 p. :
_bill. ;
_c21 cm.
521 _aCollege Students
526 _c1210L-1700L
541 _j1
562 _e1
942 _2lcc
_cBK
_kM
999 _c16890
_d16890